| 000 | 00692cam a2200205 4500 | ||
|---|---|---|---|
| 001 | ABS62137 | ||
| 008 | 000000n2000 000 0 eng u | ||
| 035 | _a(Sirsi) u105936 | ||
| 100 | _aCottam, G. | ||
| 245 | _aContracts heaven | ||
| 260 | _c2000 | ||
| 490 |
_aConstruction News _v(6662) 20 April 2000, 26(1) |
||
| 520 | _aNotes the key points of the revised GC/Works/1 form of contract together with two compatible subcontracts produced by the Civil Engineering Contractors Association. | ||
| 590 | _aABS | ||
| 650 | _aCIVIL ENGINEERING CONTRACTS | ||
| 650 | _aGC/WORKS/1 | ||
| 650 | _aSUBCONTRACTS | ||
| 690 | _aBUILDING AND CONSTRUCTION-CONTRACTS-OTHER CONTRACTS | ||
| 942 | _n0 | ||
| 999 |
_c63433 _d63433 |
||